Active Knowledge Modeling of Enterprises

Salvato in:
Dettagli Bibliografici
Autori principali: Lillehagen, Frank (Autore), Krogstie, John (Autore)
Natura: Libro
Lingua:inglese
Pubblicazione: Springer-Verlag Berlin Heidelberg, 2008
Tags: Aggiungi Tag
Nessun Tag, puoi essere il primo ad aggiungerne!!

MARC

LEADER 00000nam a22000003a 4500
001 stu176692
005 20190206105040.2
008 081203s2008----gw------------------eng-d
020 |a 978-3-540-79415-8 
040 |a STU  |b slo 
041 0 |a eng 
044 |a gw 
100 1 |a Lillehagen, Frank  |4 aut 
245 1 |a Active Knowledge Modeling of Enterprises 
260 |b Springer-Verlag Berlin Heidelberg,  |c 2008 
300 |a 436 s 
700 1 |a Krogstie, John  |4 aut 
996 |b 284IK06763  |c I*15MS6033  |l I  |s A  |a 24  |w stu176692_0001